| 000 | 00971na a2200253 4500 | ||
|---|---|---|---|
| 001 | 20880 | ||
| 003 | MIRAKIL | ||
| 005 | 20181213155148.0 | ||
| 008 | 170127b tu 000 0 | ||
| 040 |
_aMilas _btur _cTR-AnCHP |
||
| 041 | _atur | ||
| 082 |
_a324.2372 _bE13k 2003 |
||
| 090 | _a324.2372 E13k 2003 | ||
| 100 |
_aEcevit, Bülent _d1925-2006 |
||
| 245 |
_aKörfez bunalımının öncesi ve sonrası _cBülent Ecevit |
||
| 260 |
_aAnkara _bDSP _c2003 |
||
| 300 |
_a48 s. _c21 sm. |
||
| 500 | _aDSP genel başkanı Bülent Ecevit'in 30 Ekim 1990 günü İstanbul Üniversitesi İktisat Fakültesi Uluslararası İlişkiler Bölümü öğrencileri için yaptığı konuşmanın özeti. | ||
| 600 |
_aEcevit, Bülent _d1925-2006 _xKonuşmalar _yKörfez krizi |
||
| 610 |
_aDemokratik Sol Parti (DSP) _xPropaganda ve ideolojiler |
||
| 650 |
_aKörfez krizi _xUluslararası ilişkiler _yTarih _zTürkiye |
||
| 710 | _aDemokratik Sol Parti (DSP) | ||
| 942 |
_2dcc _cBKS |
||
| 999 |
_c7763 _d7763 |
||